Teaching and learning English : (Record no. 78164)

MARC details
000 -LEADER
fixed length control field 00638nam a22001937a 4500
005 - DATE AND TIME OF LATEST TRANSACTION
control field 20130923113216.0
010 ## - LCCN (DPL NO)
LC control number ENG-108221
020 ## - INTERNATIONAL STANDARD BOOK NUMBER
International Standard Book Number 9789380261768
Terms of availability 650.00
035 ## - SYSTEM CONTROL NUMBER
System control number EN-91754
037 ## - SOURCE OF ACQUISITION
Source of stock number/acquisition DBAD/PUB
082 ## - DEWEY DECIMAL CLASSIFICATION NUMBER
Classification number 488.007
100 ## - MAIN ENTRY--PERSONAL NAME
Personal name Kharbamon, Tarun Kumari
245 10 - TITLE STATEMENT
Title Teaching and learning English :
Statement of responsibility, etc by Tarun Kumari Kharbamon
Remainder of title attitudes and perception /
260 ## - PUBLICATION, DISTRIBUTION, ETC. (IMPRINT)
Place of publication, distribution, etc Guwahati
Name of publisher, distributor, etc EBH Publishers
Date of publication, distribution, etc 2013
270 ## - ADDRESS
Address 136, M.L. Nehru Road, Panbazar
City Guwahati
Postal code 781001
300 ## - PHYSICAL DESCRIPTION
Extent viii,182p.
Dimensions 22cm(Hb)
500 ## - GENERAL NOTE
General note Includes bibliographical references and index
942 ## - ADDED ENTRY ELEMENTS (KOHA)
Source of classification or shelving scheme Dewey Decimal Classification
Item type English Books
Call number suffix KHA
Classification part 488.007
Holdings
Withdrawn status Lost status Not for loan Collection code Home library Current library Date acquired Source of acquisition Cost, normal purchase price Full call number Barcode Copy number Cost, replacement price Koha item type
    Not For Loan Non-fiction D.B.Act.Division D.B.Act.Division 29/07/2013 DBAD/PUB 650.00 KHA EN-91754 1 650.00 English Books

© Delhi Public Library
Hit Counter
free hit counter